[Event "Vaujany"]
[Site "?"]
[Date "2015.07.10"]
[Round "2.10"]
[White "Filip, Lucian"]
[Black "Navrotescu, Andreea-Cristiana"]
[Result "1-0"]
[WhiteElo "2419"]
[BlackElo "2247"]
[PlyCount "67"]
[SourceDate "2015.07.09"]

1. Nf3 c5 2. c4 Nc6 3. Nc3 Nf6 4. e3 g6 5. d4 cxd4 6. exd4 d6 7. d5 Nb8 8. Be2
Bg7 9. O-O a5 10. Nd4 Na6 11. Re1 O-O 12. b3 Nc5 13. Bf3 Bd7 14. Rb1 Ne8 15.
Bg5 f6 16. Bc1 f5 17. Rb2 h6 18. Rbe2 g5 19. Bh5 Nf6 20. Rxe7 Nfe4 {Diagramme #
} 21. Rxg7+ Kxg7 22. Bb2 Kh7 23. Ne6 Bxe6 24. dxe6 Nxc3 25. Bxc3 Qe7 26. Qd5
Kg8 27. Qd4 Kh7 28. Qd5 Kg8 29. f3 g4 30. Bg6 gxf3 31. Qd4 f2+ 32. Kxf2 Ne4+
33. Rxe4 fxe4+ 34. Ke2 1-0

[Event "Vaujany"]
[Site "?"]
[Date "2015.07.10"]
[Round "2.11"]
[White "Chung, Mathilde"]
[Black "Gavrilov, Alexei"]
[Result "0-1"]
[WhiteElo "1996"]
[BlackElo "2411"]
[PlyCount "44"]
[SourceDate "2015.07.09"]

1. d4 Nf6 2. Nf3 d5 3. c4 e6 4. Nc3 Bb4 5. Bg5 h6 6. Bh4 c5 7. e3 cxd4 8. exd4
Qa5 9. Qb3 Ne4 10. Rc1 Nc6 11. a3 Bxc3+ 12. bxc3 O-O 13. Bg3 Nxg3 14. hxg3 e5
15. cxd5 Nxd4 16. Qa2 Bg4 17. Nd2 Rac8 18. Qb2 Qxd5 19. cxd4 Qxd4 20. Qa1 Rfd8
21. Rd1 Bxd1 22. Qxd1 Qb2 0-1

[Event "Vaujany"]
[Site "?"]
[Date "2015.07.10"]
[Round "2.12"]
[White "Navrotescu, Catalin"]
[Black "Geenen, Marc"]
[Result "1/2-1/2"]
[WhiteElo "2407"]
[BlackElo "2231"]
[PlyCount "104"]
[SourceDate "2015.07.09"]

1. d4 Nf6 2. c4 g6 3. Nc3 Bg7 4. e4 d6 5. Nf3 O-O 6. Be2 e5 7. Be3 Na6 8. O-O
Qe7 9. dxe5 dxe5 10. Nd5 Qd8 11. Qc2 Ng4 12. Bg5 f6 13. Bh4 c6 14. Nc3 Qe7 15.
a3 Nc5 16. b4 Ne6 17. c5 Nd4 18. Nxd4 exd4 19. Na4 g5 20. Bxg4 Bxg4 21. Bg3 f5
22. f3 f4 23. Bf2 d3 24. Qxd3 Rad8 25. Qc2 Bxa1 26. Rxa1 Qe5 27. Rb1 Be6 28. b5
cxb5 29. Nc3 a6 30. a4 bxa4 31. Nxa4 Rf7 32. Nb6 Rc7 33. h3 Rd4 34. Rc1 Rd8 35.
Rd1 Qf6 36. Nd5 Bxd5 37. exd5 Rcd7 38. d6 Qf7 39. Re1 b6 40. Re5 h6 41. Qe4
bxc5 42. Bxc5 Rc8 43. Kh2 Rxc5 44. Rxc5 Rxd6 45. Rc8+ Kg7 46. Qe5+ Qf6 47. Qe8
Qf7 48. Qh8+ Kg6 49. Rg8+ Kh5 50. Rxg5+ Kxg5 51. Qe5+ Kg6 52. Qxd6+ Qf6 1/2-1/2

[Event "Vaujany"]
[Site "?"]
[Date "2015.07.10"]
[Round "2.13"]
[White "Skomorokin, Roman"]
[Black "Foisor, Sabina-Francesca"]
[Result "1-0"]
[WhiteElo "2381"]
[BlackElo "2202"]
[PlyCount "107"]
[SourceDate "2015.07.09"]

1. b3 d5 2. Bb2 c5 3. e3 a6 4. Nf3 Nc6 5. d4 e6 6. Nbd2 f6 7. c4 Nh6 8. cxd5
exd5 9. dxc5 Bxc5 10. Rc1 Qe7 11. Bd3 Nb4 12. Bb1 Bf5 13. Nd4 Bxb1 14. Nxb1
Nxa2 15. Rxc5 Qxc5 16. Qh5+ Kd7 17. Qh3+ f5 18. O-O Rae8 19. Nxf5 Nxf5 20.
Qxf5+ Kc7 21. Bxg7 Rhg8 22. Be5+ Rxe5 23. Qxh7+ Kb6 24. Qxg8 Ka7 25. Qg7 d4 26.
exd4 Qxd4 27. Nd2 Qd5 28. Qg3 Nc1 29. Rxc1 Qxd2 30. Rf1 Re1 31. Qf3 Rxf1+ 32.
Kxf1 Qc1+ 33. Ke2 Qb2+ 34. Ke1 Qa1+ 35. Qd1 Qe5+ 36. Kf1 a5 37. h4 b5 38. g3
Qe4 39. Kg1 a4 40. bxa4 bxa4 41. Qd7+ Kb6 42. Qd6+ Qc6 43. Qd4+ Kb5 44. Qb2+
Ka5 45. h5 Qd6 46. Qc1 Kb4 47. h6 Qd3 48. Qf4+ Kb5 49. Qb8+ Ka5 50. Qa7+ Kb5
51. Qb7+ Ka5 52. h7 Qd8 53. Qf7 a3 54. Qg8 1-0

[Event "Vaujany"]
[Site "?"]
[Date "2015.07.10"]
[Round "2.14"]
[White "Gazik, Viktor"]
[Black "Laronche, Thomas"]
[Result "1-0"]
[WhiteElo "2434"]
[BlackElo "1870"]
[PlyCount "43"]
[SourceDate "2015.07.09"]

1. f4 d5 2. Nf3 Nf6 3. e3 c5 4. b3 Nc6 5. Bb2 e6 6. Bb5 Bd7 7. O-O Be7 8. Bxc6
Bxc6 9. d3 a6 10. Nbd2 b5 11. Ne5 Qb6 12. Rf3 O-O 13. Rh3 Rfd8 14. Ndf3 c4 15.
Bd4 Bc5 16. Bxc5 Qxc5 17. d4 Qd6 18. Ng5 Be8 19. Nxh7 Qe7 20. Ng5 cxb3 21. axb3
a5 22. Qe1 1-0

[Event "Vaujany"]
[Site "?"]
[Date "2015.07.10"]
[Round "2.15"]
[White "Van Foreest, Lucas"]
[Black "Laza, Szabolcs"]
[Result "0-1"]
[WhiteElo "2294"]
[BlackElo "2095"]
[PlyCount "60"]
[SourceDate "2015.07.09"]

1. e4 c5 2. c3 g6 3. d4 cxd4 4. cxd4 d5 5. e5 Nc6 6. Nc3 Nh6 7. h3 f6 8. f4 Nf5
9. Nce2 fxe5 10. fxe5 Qa5+ 11. Bd2 Qb6 12. Bc3 Ne3 13. Qc1 Bh6 14. Bd2 Nb4 15.
Bxe3 Nd3+ 16. Kd1 Nxc1 17. Bxc1 Bxc1 18. Rxc1 Qxb2 19. Nc3 Bd7 20. Nf3 Rc8 21.
Rc2 Qb4 22. a3 Qxa3 23. e6 Ba4 24. Nxa4 Qa1+ 25. Kd2 Rxc2+ 26. Kxc2 Qxa4+ 27.
Kd2 O-O 28. Ke3 Qa1 29. h4 h6 30. Rg1 a5 0-1

[Event "Vaujany"]
[Site "?"]
[Date "2015.07.10"]
[Round "2.16"]
[White "Saiah, Karim"]
[Black "Bulmaga, Irina"]
[Result "0-1"]
[WhiteElo "1971"]
[BlackElo "2393"]
[PlyCount "122"]
[SourceDate "2015.07.09"]

1. e4 c5 2. Nf3 d6 3. d4 cxd4 4. Nxd4 Nf6 5. Nc3 a6 6. a4 e5 7. Nb3 Be7 8. Be2
Be6 9. O-O Nbd7 10. Be3 Rc8 11. f3 O-O 12. a5 Qc7 13. Qd2 Rfd8 14. Rfc1 Qc6 15.
Qe1 d5 16. exd5 Nxd5 17. Nxd5 Bxd5 18. c4 Be6 19. Kh1 Bf5 20. Qf2 Qg6 21. c5
Bd3 22. Rc3 Nb8 23. Qf1 Bxe2 24. Qxe2 Nc6 25. h3 Bf6 26. Bg1 h5 27. Qe4 Qxe4
28. fxe4 Rd7 29. Re1 Rcd8 30. Be3 Rd1 31. Rxd1 Rxd1+ 32. Kh2 Bd8 33. Kg3 Bxa5
34. Nxa5 Nxa5 35. b4 Nc6 36. Rb3 Na7 37. Kf2 f6 38. Ke2 Rd7 39. Rd3 Rxd3 40.
Kxd3 Kf7 41. Kc4 Ke6 42. g4 hxg4 43. hxg4 Nb5 44. Bg1 Kd7 45. Be3 g5 46. Kb3
Kc6 47. Kc4 Nc7 48. Bf2 Ne6 49. Be3 Nd8 50. Kd3 Nf7 51. Ke2 Kb5 52. Bd2 Nd8 53.
Kd3 Nc6 54. Kc3 Nxb4 55. Be3 Nc6 56. Bf2 Nd8 57. Kd3 Ne6 58. c6 bxc6 59. Ba7 a5
60. Bb8 a4 61. Bd6 Nc5+ 0-1

[Event "Vaujany"]
[Site "?"]
[Date "2015.07.10"]
[Round "2.17"]
[White "Bandet, Raphael"]
[Black "Baudin, Frederic"]
[Result "1-0"]
[WhiteElo "2165"]
[BlackElo "2025"]
[PlyCount "93"]
[SourceDate "2015.07.09"]

1. e4 e5 2. Nf3 f5 3. Nxe5 Qf6 4. d4 d6 5. Nc4 fxe4 6. Nc3 Qg6 7. f3 exf3 8.
Qxf3 Nc6 9. Nb5 Bg4 10. Bd3 Qh5 11. Qe3+ Kd7 12. O-O Nf6 13. h3 Be6 14. Nxc7
Bxc4 15. Nxa8 Bxd3 16. Qxd3 Be7 17. Qb3 Na5 18. Qa4+ Nc6 19. c4 Qa5 20. Qb3 Qa6
21. Be3 Rxa8 22. c5 d5 23. Rxf6 Bxf6 24. Qxd5+ Ke7 25. Re1 Kf8 26. Bf4 Re8 27.
Bd6+ Ne7 28. Qe4 Qc4 29. Rf1 Kg8 30. Rxf6 gxf6 31. Bxe7 f5 32. Qh4 Qf7 33. Bf6
Re4 34. Qg3+ Kf8 35. Qb8+ Re8 36. Qd6+ Kg8 37. Be5 Qe7 38. Qxe7 Rxe7 39. b4 Kf7
40. b5 Ke6 41. Kf2 Re8 42. Kf3 Rg8 43. g3 Rf8 44. Kf4 Rg8 45. a4 a6 46. c6 bxc6
47. b6 1-0

[Event "Vaujany"]
[Site "?"]
[Date "2015.07.10"]
[Round "2.21"]
[White "Adda, Olivier"]
[Black "Manino, Edoardo"]
[Result "1-0"]
[WhiteElo "2104"]
[BlackElo "1954"]
[PlyCount "97"]
[SourceDate "2015.07.09"]

1. d4 d5 2. c4 e6 3. Nc3 Nf6 4. Bg5 Be7 5. e3 O-O 6. cxd5 exd5 7. Bd3 c6 8.
Nge2 Nbd7 9. O-O h6 10. Bh4 Ne4 11. Bxe7 Qxe7 12. Qc2 Nd6 13. Ng3 Nf6 14. Rae1
h5 15. f3 h4 16. Nf5 Nxf5 17. Bxf5 g6 18. Bd3 Re8 19. e4 Be6 20. e5 Nh5 21. f4
Ng7 22. a3 a6 23. Na4 Bf5 24. Nc5 b6 25. Na4 Bxd3 26. Qxd3 Nf5 27. Nxb6 Rab8
28. Na4 Qa7 29. Rd1 Rb7 30. Rf2 Reb8 31. b4 a5 32. Nc5 Re7 33. g4 hxg3 34. hxg3
axb4 35. axb4 Rxb4 36. Qc3 Rc4 37. Qb2 Nxd4 38. Rxd4 Qxc5 39. Rxc4 Qxc4 40.
Qb8+ Kg7 41. Qd8 Qc5 42. g4 d4 43. f5 Qc1+ 44. Kg2 Qg5 45. Qxe7 Qxg4+ 46. Kh2
g5 47. Qf6+ Kg8 48. Qh6 d3 49. f6 1-0

[Event "Vaujany"]
[Site "?"]
[Date "2015.07.10"]
[Round "2.28"]
[White "Gazik, Renata"]
[Black "Hodot, Yves"]
[Result "0-1"]
[WhiteElo "2040"]
[BlackElo "1817"]
[PlyCount "66"]
[SourceDate "2015.07.09"]

1. d4 f5 2. g3 g6 3. Bg2 Bg7 4. c4 Nf6 5. Nc3 c6 6. Nf3 d6 7. O-O O-O 8. Qc2
Na6 9. a3 Kh8 10. Rd1 Bd7 11. b4 Rc8 12. Bb2 Qe8 13. Nb1 c5 14. b5 cxd4 15.
bxa6 Ba4 16. Qd3 {Diagramme #} e5 17. axb7 Rb8 18. Nxd4 e4 19. Qd2 Bxd1 20.
Qxd1 Rxb7 21. Bc3 Qc8 22. Qa4 Rc7 23. Nb5 Rxc4 24. Qxa7 Qc6 25. Nd4 Qd5 26. Bb2
Ra8 27. Qb6 Nd7 28. Qb5 Qxb5 29. Nxb5 Bxb2 30. Nd2 Rc5 31. Rb1 Rxb5 32. Nc4
Rab8 33. Nxd6 Rb3 0-1

[Event "Vaujany"]
[Site "?"]
[Date "2015.07.11"]
[Round "3.1"]
[White "Di Nicolantonio, Lucas"]
[Black "Cornette, Matthieu"]
[Result "0-1"]
[WhiteElo "2421"]
[BlackElo "2582"]
[PlyCount "50"]
[SourceDate "2015.07.09"]

1. e4 e6 2. d4 d5 3. Nc3 Nf6 4. e5 Nfd7 5. f4 c5 6. Nf3 Be7 7. Be3 b6 8. Qd2
O-O 9. Nd1 Nc6 10. c3 f5 11. Bd3 a5 12. Qe2 a4 13. a3 Ndb8 14. Bc2 cxd4 15.
cxd4 Ba6 16. Qf2 b5 17. h4 b4 18. g4 bxa3 19. bxa3 Qd7 20. Qg3 Rc8 21. gxf5 {
Diagramme #} Nb4 22. Bb1 Rc2 23. axb4 Qb5 24. Nc3 Bxb4 25. Kd1 Qd3+ 0-1

[Event "Vaujany"]
[Site "?"]
[Date "2015.07.11"]
[Round "3.2"]
[White "Moradiabadi, Elsna"]
[Black "Dumitrache, Dragos-Nicolae"]
[Result "1-0"]
[WhiteElo "2567"]
[BlackElo "2423"]
[PlyCount "67"]
[SourceDate "2015.07.09"]

1. d4 d5 2. c4 c6 3. Nf3 Nf6 4. e3 a6 5. Qc2 b5 6. b3 Bg4 7. Nbd2 e6 8. Bd3
Nbd7 9. O-O Bd6 10. Bb2 Qb8 11. a4 b4 12. cxd5 cxd5 13. Ne5 Bh5 14. f4 Bg6 15.
Nxg6 hxg6 16. Qd1 g5 17. g3 gxf4 18. exf4 g5 19. fxg5 Bxg3 20. gxf6 Rxh2 21.
Qg4 Rxd2 22. Bg6 Nf8 23. Bxf7+ Kd8 24. Bc1 Rxd4 25. Qxd4 Be5 26. Qg4 Bxa1 27.
Qg8 Bd4+ 28. Kg2 Bc5 29. Bf4 Qb6 30. Re1 d4 31. Rxe6 Qb7+ 32. Kg3 Qh1 33. Re8+
Kd7 34. Qg4+ 1-0

[Event "Vaujany"]
[Site "?"]
[Date "2015.07.11"]
[Round "3.3"]
[White "Libisewski, Fabian"]
[Black "Filip, Lucian"]
[Result "1/2-1/2"]
[WhiteElo "2543"]
[BlackElo "2419"]
[PlyCount "61"]
[SourceDate "2015.07.09"]

1. e4 c5 2. Nf3 e6 3. d4 cxd4 4. Nxd4 a6 5. Nc3 Qc7 6. Bd3 Nf6 7. O-O d6 8. f4
Nbd7 9. Kh1 Be7 10. Qe1 Nc5 11. e5 Nfd7 12. Qg3 dxe5 13. f5 O-O 14. Bh6 Bf6 15.
fxe6 fxe6 16. b4 Nxd3 17. Bxg7 exd4 18. Qxc7 Bxg7 19. Ne4 N3e5 20. Qd6 Nf7 21.
Qg3 b6 22. Rad1 Bb7 23. Nd6 Bd5 24. Nxf7 Rxf7 25. Rxf7 Kxf7 26. Qd6 Ke8 27. Re1
Kd8 28. Rf1 Ke8 29. Re1 Kd8 30. Rf1 Ke8 31. Re1 1/2-1/2

[Event "Vaujany"]
[Site "?"]
[Date "2015.07.11"]
[Round "3.4"]
[White "Gavrilov, Alexei"]
[Black "Horváth, József"]
[Result "1-0"]
[WhiteElo "2411"]
[BlackElo "2535"]
[PlyCount "139"]
[SourceDate "2015.07.09"]

1. d4 Nf6 2. c4 e6 3. Nf3 Bb4+ 4. Bd2 a5 5. g3 d5 6. Qc2 dxc4 7. Qxc4 b6 8. Bg2
Ba6 9. Qc2 O-O 10. Nc3 Bb7 11. O-O Nbd7 12. Rad1 Rc8 13. Bg5 Qe8 14. a3 Bxc3
15. Qxc3 Ne4 16. Qd3 Bd5 17. Bf4 f5 18. Ne5 Ndf6 19. f3 Nd6 20. Rc1 Qb5 21.
Qxb5 Nxb5 22. Rfd1 a4 23. Nc6 Rf7 24. Rd2 Ra8 25. Bf1 Bb3 26. Be5 Na7 27. Nb4
c6 28. Rd3 b5 29. Bxf6 Rxf6 30. Rdc3 Bd5 31. Bg2 f4 32. gxf4 Rxf4 33. e3 Rf6
34. f4 Rg6 35. R1c2 Rf8 36. Kf1 Rg4 37. Bxd5 exd5 38. Nxc6 Nxc6 39. Rxc6 g5 40.
h3 Rg3 41. Rg2 Rxe3 42. Rxg5+ Kh8 43. Rxd5 Rf3+ 44. Ke2 R3xf4 45. Rxb5 Rxd4 46.
Rc3 Rdf4 47. Rg3 Rf2+ 48. Ke3 Rh2 49. Rb4 h6 50. h4 Re8+ 51. Kf3 Rf8+ 52. Ke3
Re8+ 53. Kd3 Ree2 54. Rgg4 Rd2+ 55. Kc4 Rxb2 56. Rxb2 Rxb2 57. Kc5 Rb3 58. Rxa4
Kg7 59. Rg4+ Kf6 60. a4 Kf5 61. Rc4 Ra3 62. Kb5 Rb3+ 63. Rb4 Ra3 64. a5 Ke6 65.
a6 Kd7 66. Kb6 h5 67. a7 Kc8 68. Rc4+ Kd7 69. Rc5 Kd6 70. Rxh5 1-0

[Event "Vaujany"]
[Site "?"]
[Date "2015.07.11"]
[Round "3.5"]
[White "Van Foreest, Jorden"]
[Black "Skomorokhin, Roman"]
[Result "1-0"]
[WhiteElo "2514"]
[BlackElo "2381"]
[PlyCount "65"]
[SourceDate "2015.07.09"]

1. e4 d5 2. exd5 Qxd5 3. Nc3 Qd8 4. d4 Nf6 5. Nf3 Bg4 6. h3 Bxf3 7. Qxf3 c6 8.
Qd3 e6 9. Bd2 Na6 10. a3 Nc7 11. O-O-O Ncd5 12. Ne2 b5 13. g4 Bd6 14. Bg2 Qc7
15. Kb1 Rc8 16. Rhf1 O-O 17. f4 Rfd8 18. g5 Nh5 19. f5 exf5 20. Bxd5 cxd5 21.
Rxf5 g6 22. Rxd5 a6 23. Rf1 Qe7 24. Nc3 Qb7 25. Qf3 Rd7 26. Qg4 Rcd8 27. Re1
Kg7 28. h4 Qc6 29. Qe4 Kf8 30. Qf3 Kg8 31. Rf1 Rc8 32. Bc1 Rb7 33. Rxd6 1-0

[Event "Vaujany"]
[Site "?"]
[Date "2015.07.01"]
[Round "3.6"]
[White "Laza, Szabolcs"]
[Black "Nevednichy, Vladislav"]
[Result "0-1"]
[WhiteElo "2095"]
[BlackElo "2558"]
[PlyCount "76"]
[SourceDate "2015.07.09"]

1. d4 g6 2. c4 Bg7 3. e4 c5 4. d5 d6 5. Bd3 e6 6. h3 Ne7 7. Ne2 O-O 8. O-O Nd7
9. Nbc3 Ne5 10. Rb1 h6 11. a3 b6 12. b4 Nxd3 13. Qxd3 e5 14. Ng3 Kh7 15. Nce2
f5 16. f4 fxe4 17. Nxe4 cxb4 18. axb4 b5 19. cxb5 Bb7 20. N2c3 Nf5 21. Be3 exf4
22. Bxf4 Qb6+ 23. Kh1 Rac8 24. Rbc1 Qd8 25. Ne2 Rxc1 26. Rxc1 Qd7 27. N2c3 Rc8
28. Ne2 Rxc1+ 29. Bxc1 Qf7 30. Nf4 Be5 31. Ne6 Kg8 32. Qc4 g5 33. Qc7 Qxc7 34.
Nxc7 Kf7 35. Bd2 Ke7 36. b6 axb6 37. Nc3 Ng3+ 38. Kg1 Bxc3 0-1

[Event "Vaujany"]
[Site "?"]
[Date "2015.07.11"]
[Round "3.7"]
[White "Geenen, Marc"]
[Black "Gazik, Viktor"]
[Result "1/2-1/2"]
[WhiteElo "2231"]
[BlackElo "2434"]
[PlyCount "60"]
[SourceDate "2015.07.09"]

1. e4 c5 2. Nf3 Nc6 3. Nc3 g6 4. d4 cxd4 5. Nxd4 Bg7 6. Be3 Nf6 7. Nxc6 bxc6 8.
e5 Nd5 9. Nxd5 cxd5 10. Qxd5 Rb8 11. Bxa7 Rxb2 12. Bd4 Rxc2 13. Bd3 e6 14. Qa8
Rc6 15. Bb5 Ra6 16. Bxa6 Qa5+ 17. Ke2 O-O 18. Bb7 Qb5+ 19. Ke3 Bxb7 20. Rhb1
Bh6+ 21. f4 Bxf4+ 22. Kxf4 Qd3 23. Qxb7 f6 24. exf6 Qxd4+ 25. Kg3 Qe3+ 26. Qf3
Qg5+ 27. Qg4 Qe3+ 28. Qf3 Qg5+ 29. Qg4 Qe3+ 30. Qf3 Qg5+ 1/2-1/2

[Event "Vaujany"]
[Site "?"]
[Date "2015.07.11"]
[Round "3.8"]
[White "Brunner, Nicolas"]
[Black "Navrotescu, Catalin"]
[Result "1-0"]
[WhiteElo "2429"]
[BlackElo "2407"]
[PlyCount "141"]
[SourceDate "2015.07.09"]

1. d4 Nf6 2. c4 e6 3. Nc3 d5 4. Nf3 Bb4 5. cxd5 exd5 6. Bg5 Nbd7 7. e3 c5 8.
Bd3 Qa5 9. Qc2 c4 10. Bf5 O-O 11. O-O Re8 12. Nd2 g6 13. Bxd7 Nxd7 14. h4 f6
15. Bh6 Bxc3 16. bxc3 Nb6 17. f3 Na4 18. Rac1 Bd7 19. e4 Re6 20. h5 dxe4 21.
hxg6 hxg6 22. fxe4 Qh5 23. Be3 Nb6 24. Rf3 Rae8 25. Re1 Ba4 26. Qb1 Bc6 27. d5
Nxd5 28. exd5 Bxd5 29. Rg3 f5 30. Bf2 Rxe1+ 31. Bxe1 Qe2 32. Bf2 Qxd2 33. Rxg6+
Kh7 34. Qxf5 Qd1+ 35. Kh2 Re5 36. Rg7+ Kxg7 37. Bd4 Qxd4 38. Qd7+ Kg6 39. cxd4
Rg5 40. g4 Bf7 41. Kg3 c3 42. Qd6+ Kg7 43. Kh4 Rg6 44. Qe5+ Kf8 45. Qb8+ Be8
46. d5 Rg7 47. Qf4+ Kg8 48. Qb8 Kf8 49. Qc8 Rd7 50. Qc5+ Kg8 51. Qxc3 Rxd5 52.
Qc8 Kf7 53. Qxb7+ Rd7 54. Qe4 Kf8 55. g5 Rg7 56. Qa8 Rd7 57. Kg4 Ke7 58. Kf5
Bf7 59. g6 Bxa2 60. g7 Be6+ 61. Kg6 Kd6 62. Qf8+ Kc7 63. g8=Q Bxg8 64. Qxg8
Rd6+ 65. Kf7 Rd7+ 66. Ke6 Rd6+ 67. Ke5 Rb6 68. Qa8 Rb7 69. Kd5 Kb6 70. Kd6 Rh7
71. Qc6+ 1-0

[Event "Vaujany"]
[Site "?"]
[Date "2015.07.11"]
[Round "3.9"]
[White "Foisor, Cristina-Adela"]
[Black "Ravot, Sylvain"]
[Result "1/2-1/2"]
[WhiteElo "2366"]
[BlackElo "2238"]
[PlyCount "147"]
[SourceDate "2015.07.09"]

1. e4 c5 2. d3 Nc6 3. g3 g6 4. Bg2 Bg7 5. f4 e6 6. c3 d5 7. Nd2 Nge7 8. Nh3 b6
9. Nf2 Ba6 10. e5 h5 11. Nf3 Bb7 12. O-O Nf5 13. Re1 Bf8 14. Be3 Be7 15. d4 c4
16. b3 Na5 17. b4 Nc6 18. b5 Na5 19. Rb1 a6 20. a4 axb5 21. axb5 Nb3 22. Nd2
Nxd2 23. Bxd2 Ra5 24. Ra1 Qa8 25. Rxa5 Qxa5 26. Qa1 Kd7 27. Qxa5 bxa5 28. Ra1
Ra8 29. Nd1 a4 30. Nb2 a3 31. Nxc4 Kc7 32. Ne3 Nxe3 33. Bxe3 a2 34. Kf2 Kb6 35.
Ke1 Kxb5 36. Kd2 Kc6 37. Kc2 Ba6 38. Rxa2 Bd3+ 39. Kb2 Rb8+ 40. Kc1 Rb1+ 41.
Kd2 Bc4 42. Ra7 Rb2+ 43. Kc1 Rxg2 44. Rxe7 Rxh2 45. f5 gxf5 46. Rxf7 f4 47.
Bxf4 Bd3 48. Bg5 Rg2 49. Bh4 Bf5 50. Rf8 Kd7 51. Kd1 Bg4+ 52. Kc1 Bf5 53. Rf7+
Kc6 54. Rf8 Kd7 55. Rd8+ Kc7 56. Rh8 Rc2+ 57. Kb1 Rxc3+ 58. Kb2 Rc4 59. Rxh5
Rxd4 60. Rg5 Kc6 61. Rg8 Re4 62. Bf6 d4 63. Kb3 d3 64. Rc8+ Kb7 65. Rd8 Re3 66.
Bg5 Rxe5 67. Bd2 Re2 68. g4 Rxd2 69. gxf5 exf5 70. Kc3 Rf2 71. Kxd3 Kc7 72. Rd4
f4 73. Ke4 Kc6 74. Rd3 1/2-1/2

[Event "Vaujany"]
[Site "?"]
[Date "2015.07.11"]
[Round "3.10"]
[White "Bulmaga, Irina"]
[Black "Adda, Olivier"]
[Result "1/2-1/2"]
[WhiteElo "2393"]
[BlackElo "2104"]
[PlyCount "158"]
[SourceDate "2015.07.09"]

1. e4 e5 2. Nf3 Nc6 3. Bb5 a6 4. Ba4 Nf6 5. O-O b5 6. Bb3 Bb7 7. d3 Bc5 8. Nc3
O-O 9. a4 Nd4 10. Nxe5 Nxb3 11. cxb3 b4 12. Ne2 d5 13. d4 Be7 14. exd5 Nxd5 15.
Ng3 Bf6 16. Qg4 Bc8 17. Qf3 Be6 18. Ne4 Bxe5 19. dxe5 f6 20. exf6 Nxf6 21. Bg5
Nxe4 22. Qxe4 Qd5 23. Qh4 a5 24. Be7 Rf7 25. Rad1 Qxb3 26. Qe4 Re8 27. Bc5 Qxa4
28. Rfe1 Rd7 29. Rc1 Qb3 30. Qc6 Qd5 31. Qa4 Red8 32. Qxa5 b3 33. Qa6 Bf5 34.
h3 Bc2 35. Ba3 c5 36. Qb6 c4 37. Re3 Rb7 38. Qa6 h6 39. Rce1 Rf7 40. Re5 Qd4
41. Bc5 Qxb2 42. Qxc4 Rdd7 43. Bb4 Qd4 44. Qc8+ Kh7 45. Re8 Qxb4 46. Rh8+ Kg6
47. Re6+ Kf5 48. Rhe8 Rd1+ 49. Re1+ Kg6 50. Rxd1 Bxd1 51. Qa6+ Rf6 52. Qd3+ Kf7
53. Qd7+ Kg6 54. Qxd1 Qc4 55. Qb1+ Qc2 56. Qxc2+ bxc2 57. Rc8 Ra6 58. Rxc2 Ra3
59. Rc6+ Kf5 60. g4+ Kg5 61. Kg2 g6 62. f3 h5 63. gxh5 Kxh5 64. Kg3 Ra5 65. Rc4
Kg5 66. Rg4+ Kf5 67. h4 Kf6 68. Rf4+ Kg7 69. Kg4 Ra1 70. Rb4 Ra5 71. Rb7+ Kf6
72. Rb6+ Kf7 73. f4 Rc5 74. Rb1 Ra5 75. Re1 Kf6 76. Re8 Ra1 77. Re3 Rg1+ 78.
Rg3 Ra1 79. Rb3 Rg1+ 1/2-1/2

[Event "Vaujany"]
[Site "?"]
[Date "2015.07.11"]
[Round "3.11"]
[White "Foisor, Ovidiu-Doru"]
[Black "Gautier, Selvan"]
[Result "1-0"]
[WhiteElo "2374"]
[BlackElo "2099"]
[PlyCount "77"]
[SourceDate "2015.07.09"]

1. c4 e5 2. g3 Nf6 3. Bg2 c6 4. d4 exd4 5. Qxd4 Na6 6. Nf3 Bc5 7. Qe5+ Be7 8.
O-O O-O 9. Nc3 Re8 10. Qd4 Nc7 11. e4 d5 12. cxd5 cxd5 13. e5 Nd7 14. Nxd5 Bc5
15. Qd1 Nxe5 16. Nxe5 Rxe5 17. Nxc7 Qxc7 18. Bf4 Be6 19. Rc1 Qd6 20. Qxd6 Bxd6
21. Rfd1 g5 22. Bxe5 Bxe5 23. Bxb7 Rb8 24. Bd5 Bxb2 25. Rc6 Bg4 26. f3 Bh5 27.
Be4 f5 28. Bd5+ Kh8 29. Rc7 Rb4 30. Rb7 a5 31. Kf2 Rxb7 32. Bxb7 Bf7 33. Rd7
Be6 34. Rd6 Bc4 35. Ba6 Bf7 36. Bc8 f4 37. Be6 Bg6 38. Rd5 a4 39. Rxg5 1-0

[Event "Vaujany"]
[Site "?"]
[Date "2015.07.11"]
[Round "3.14"]
[White "Olivier, Jean-Christophe"]
[Black "Vitalyos, Marton"]
[Result "1-0"]
[WhiteElo "2348"]
[BlackElo "2090"]
[PlyCount "57"]
[SourceDate "2015.07.09"]

1. e4 c5 2. Nf3 d6 3. d4 cxd4 4. Nxd4 Nf6 5. Nc3 Nc6 6. Be2 e6 7. Be3 Be7 8. f4
O-O 9. Bf3 d5 10. exd5 Nxd5 11. Nxd5 exd5 12. O-O Bf6 13. Bf2 Re8 14. c3 Be6
15. Re1 Bxd4 16. Bxd4 Qd6 17. Qd2 Bf5 18. Bf2 h6 19. b4 Red8 20. Rad1 b5 21.
Qxd5 Qxd5 22. Rxd5 Rxd5 23. Bxd5 Rc8 24. Bc5 a5 25. a3 axb4 26. axb4 Bd7 27.
Ra1 Be6 28. Bxe6 fxe6 29. Ra6 1-0

[Event "Vaujany"]
[Site "?"]
[Date "2015.07.11"]
[Round "3.15"]
[White "Mina, Marco"]
[Black "Gazik, Igor"]
[Result "0-1"]
[WhiteElo "2052"]
[BlackElo "2327"]
[PlyCount "54"]
[SourceDate "2015.07.09"]

1. e4 e5 2. Nf3 d6 3. d4 Nd7 4. Bc4 c6 5. Nc3 Be7 6. Ng5 Bxg5 7. Qh5 d5 8. Bxg5
g6 9. exd5 gxh5 10. Bxd8 Kxd8 11. dxc6 bxc6 12. Bxf7 exd4 13. Ne2 Ne5 14. Bxh5
Nf6 15. Ng3 Nxh5 16. Nxh5 Kc7 17. Nf6 Bf5 18. O-O-O d3 19. Rde1 Ng6 20. g4 Rad8
21. Re3 d2+ 22. Kd1 Bc8 23. Re4 Rhf8 24. g5 Bf5 25. Re3 Nf4 26. Rg1 Nh3 27. Rg2
Bxc2+ 0-1

[Event "Vaujany"]
[Site "?"]
[Date "2015.07.11"]
[Round "3.16"]
[White "Poulet, Pierre-Emmanuel"]
[Black "Pulet, Sebastien"]
[Result "1-0"]
[WhiteElo "2299"]
[BlackElo "2054"]
[PlyCount "125"]
[SourceDate "2015.07.09"]

1. e4 e5 2. Nf3 Nc6 3. Bb5 a6 4. Ba4 Nf6 5. O-O Be7 6. Re1 b5 7. Bb3 O-O 8. h3
Bb7 9. d3 d6 10. c3 Na5 11. Bc2 c5 12. Nbd2 Qc7 13. Nf1 Rac8 14. a4 Nc6 15. Qe2
b4 16. N3h2 Rfe8 17. Ng4 Rcd8 18. Qf3 Bc8 19. Nfe3 Nxg4 20. hxg4 Be6 21. Nd5
Qb7 22. g5 Kh8 23. Kh2 Nb8 24. Rh1 Nd7 25. Kg1 Bxd5 26. exd5 Kg8 27. d4 Nf8 28.
dxe5 dxe5 29. c4 g6 30. Be4 Bd6 31. Qh3 Qd7 32. Qh4 Rb8 33. b3 a5 34. Bd2 Be7
35. Re1 Bd6 36. Re3 Be7 37. Reh3 Qd6 38. Rf3 Rb6 39. Qh6 Rb7 40. Qh4 Rb6 41.
Qg3 f5 42. gxf6 Bxf6 43. Bh6 Bg7 44. Bg5 Rb7 45. Qh4 Ra8 46. Rhh3 Raa7 47. Qg4
Rc7 48. Rxf8+ Bxf8 49. Qe6+ Qxe6 50. dxe6 Be7 51. Bd5 Rc8 52. Bh6 Rd8 53. Rf3
Rc7 54. Rf7 Rxd5 55. cxd5 Bd6 56. Rd7 Rxd7 57. exd7 Bc7 58. Be3 c4 59. bxc4 b3
60. Bc1 Kf7 61. Ba3 Kf6 62. c5 e4 63. c6 1-0

[Event "Vaujany"]
[Site "?"]
[Date "2015.07.11"]
[Round "3.19"]
[White "Foisor, Sabina-Francesca"]
[Black "Arcusa, Michel"]
[Result "1-0"]
[WhiteElo "2202"]
[BlackElo "1869"]
[PlyCount "82"]
[EventDate "2015.07.11"]
[SourceDate "2015.07.09"]

1. d4 Nf6 2. c4 e6 3. Nc3 b6 4. a3 Bb7 5. Nf3 Be7 6. Bf4 O-O 7. e3 d5 8. Qc2 a6
9. Bd3 Nbd7 10. O-O dxc4 11. Bxc4 c5 12. Ba2 cxd4 13. exd4 Bxf3 14. gxf3 Rc8
15. Qe2 b5 16. Rad1 Nb6 17. Bg3 Nfd5 18. Ne4 Qd7 19. f4 Rfe8 20. Bb1 g6 21. Ng5
Nf6 22. Rfe1 Bf8 23. Nf3 Nbd5 24. Ne5 Qa7 25. Qf3 Bh6 26. Bh4 Bg7 27. Rd2 Rc7
28. Ba2 Rec8 29. Bxf6 Nxf6 30. Nxf7 Kxf7 31. Bxe6+ Kf8 32. Bxc8 Rxc8 33. d5 Qd7
34. Re6 a5 35. f5 g5 36. d6 Re8 37. Rde2 Kg8 38. Rxe8+ Nxe8 39. Qd5+ Kh8 40.
Qa8 Qxd6 41. Rxe8+ Bf8 1-0

[Event "Vaujany"]
[Site "?"]
[Date "2015.07.11"]
[Round "3.20"]
[White "Hodot, Yves"]
[Black "Bandet, Raphael"]
[Result "0-1"]
[WhiteElo "1817"]
[BlackElo "2165"]
[PlyCount "98"]
[SourceDate "2015.07.09"]

1. e4 e5 2. Nf3 Nc6 3. Bc4 Nf6 4. d4 exd4 5. O-O Nxe4 6. Re1 d5 7. Ng5 dxc4 8.
Rxe4+ Be7 9. Qh5 g6 10. Qh6 Bf5 11. Re1 Qd5 12. Qg7 O-O-O 13. Qxf7 Bxg5 14.
Qxd5 Rxd5 15. Bxg5 Bxc2 16. Bd2 Bxb1 17. Raxb1 Re5 18. Red1 Rhe8 19. Kf1 b5 20.
Rbc1 R5e6 21. a4 a6 22. axb5 axb5 23. Bf4 Nb4 24. Rxd4 Nd3 25. Rxd3 cxd3 26.
Rxc7+ Kd8 27. Rc1 Re2 28. Rd1 Rxb2 29. Rxd3+ Kc8 30. g3 Ree2 31. Be3 b4 32. Kg2
Rec2 33. Rd5 b3 34. Rb5 Rc7 35. Bf4 Rb7 36. Rc5+ Kd7 37. Rd5+ Ke6 38. Re5+ Kf7
39. Re1 Rc2 40. Rb1 Ke6 41. Be3 Kd5 42. Kf3 Kc4 43. Kg4 b2 44. Kg5 Kb3 45. Kh6
Ka2 46. Rd1 b1=Q 47. Rxb1 Kxb1 48. h4 Ra2 49. h5 gxh5 0-1